Quick Pick: Harry Potter Titles in Slovene Quiz Stats

 Plays Quiz not verified by Sporcle

Challenge
Share
Tweet
Embed
Score 0/7 Timer 01:00
0 Plays Today
% Correct
Harry Potter in Jetnik iz Azkabana
92.2%
Harry Potter in Feniksov red
91.2%
Harry Potter in Princ mešane krvi
90.2%
Harry Potter in Ognjeni kelih
69.6%
Harry Potter in Kamen modrosti
67.6%
Harry Potter in Dvorana skrivnosti
57.8%
Harry Potter in Svetinje smrti
57.8%

You're not logged in!

Compare scores with friends on all Sporcle quizzes.
OR
Log In

You Might Also Like...

Show Comments

Extras

Top Quizzes Today


Score Distribution

Your Account Isn't Verified!

In order to create a playlist on Sporcle, you need to verify the email address you used during registration. Go to your Sporcle Settings to finish the process.

Report this User

Report this user for behavior that violates our Community Guidelines.

Details: